书目信息 |
| 题名: |
双板滑雪完全指南
|
|
| 作者: | 马托斯 著 ;张亦驰 译 | |
| 分册: | ||
| 出版信息: | 北京 人民邮电出版社 2016.10 |
|
| 页数: | 208页 | |
| 开本: | 26cm | |
| 丛书名: | 悦动空间 | |
| 单 册: | ||
| 中图分类: | G863.1-62 | |
| 科图分类: | ||
| 主题词: | 雪上运动--指南 | |
| 电子资源: | ||
| ISBN: | 978-7-115-43616-0 | |
| 000 | 01128oam2 2200301 450 | |
| 001 | 0120162020591 | |
| 005 | 20170418154655.54 | |
| 010 | @a978-7-115-43616-0@dCNY59.00 | |
| 100 | @a20161025d2016 em y0chiy50 ea | |
| 101 | 1 | @achi@ceng |
| 102 | @aCN@b110000 | |
| 105 | @aac z 000yy | |
| 106 | @ar | |
| 200 | 1 | @a双板滑雪完全指南@9shuang ban hua xue wan quan zhi nan@dSkiing manual@f(英)比尔·马托斯(Bill Mattos)著@g张亦驰译@zeng |
| 205 | @a2版 | |
| 210 | @a北京@c人民邮电出版社@d2016.10 | |
| 215 | @a208页@c图,肖像,照片@d26cm | |
| 225 | 2 | @a悦动空间 |
| 330 | @a本书全面介绍了双板滑雪运动,是一本双板滑雪的完全指导。内容涵盖了双板滑雪的简介、装备介绍及使用方法、滑雪前的基本准备、滑雪场地及身体语言、滑雪安全指导、滑雪的基本动作技巧、回转滑降等高级动作技术,以及一些滑雪赛事的相关介绍。 | |
| 333 | @a滑雪爱好者 | |
| 461 | 0 | @12001 @a悦动空间 |
| 510 | 1 | @aSkiing manual@zeng |
| 606 | 0 | @a雪上运动@j指南 |
| 690 | @aG863.1-62@v5 | |
| 701 | 0 | @c(英)@a马托斯@9ma tuo si@c(Mattos, Bill)@4著 |
| 702 | 0 | @a张亦驰@9zhang yi chi@4译 |
| 801 | 0 | @aCN@b人天书店@c20161025 |
| 905 | @b987952-55@dG863.1-62@e75=2@f4 | |
| 双板滑雪完全指南=Skiing manual/(英)比尔·马托斯(Bill Mattos)著/张亦驰译.-2版.-北京:人民邮电出版社,2016.10 |
| 208页:图,肖像,照片;26cm.-(悦动空间) |
| 使用对象:滑雪爱好者 |
| ISBN 978-7-115-43616-0:CNY59.00 |
| 本书全面介绍了双板滑雪运动,是一本双板滑雪的完全指导。内容涵盖了双板滑雪的简介、装备介绍及使用方法、滑雪前的基本准备、滑雪场地及身体语言、滑雪安全指导、滑雪的基本动作技巧、回转滑降等高级动作技术,以及一些滑雪赛事的相关介绍。 |
| ● |
| 相关链接 |
|
|
|
|
正题名:双板滑雪完全指南
索取号:G863.1-62/75=2
 
预约/预借
| 序号 | 登录号 | 条形码 | 馆藏地/架位号 | 状态 | 备注 |
| 1 | 987952 | 209879522 | 第一样本阅览室/ [索取号:G863.1-62/75=2] | 在馆 | |
| 2 | 987953 | 209879531 | 密集书库-体育系/ [索取号:G863.1-62/75=2] | 在馆 | |
| 3 | 987954 | 209879540 | 第四借阅区/ [索取号:G863.1-62/75=2] | 在馆 | |
| 4 | 987955 | 209879559 | 第四借阅区/ [索取号:G863.1-62/75=2] | 在馆 |